000 00669nam a22002417a 4500
003 UA-OsUOA
001 75398
007 ta
008 20110519b un ||||| |||| 00| 0 ukr d
100 _aШульга П.
090 _a821.161.2-1
_bШ95
942 _cBK
040 _aUA-OsUOA
_bukr
_cUA-OsUOA
_dUA-OsUOA
245 _aСповідь серця
_bЛірика. Поезії. Пісні. Посвяти
300 _a136 с.
955 _a3
041 _aukr
080 _a821.161.2-1
020 _a978-966-2186-3
260 _aК.
_bСвітлиця
_c2009
650 7 _a82 Література. Літературознавство
_2UDC
999 _c361694
_d361694